[Event "Montigny Autumn-B 16th"]
[Site "Montigny le Bretonneux"]
[Date "2017.10.29"]
[Round "9"]
[White "Verat Fayolle, Celian"]
[Black "Couronne, Patrice"]
[Result "1-0"]
[WhiteElo "1734"]
[BlackElo "1657"]
[PlyCount "103"]
[EventDate "2017.10.21"]
[EventType "tourn"]
[EventRounds "9"]
[EventCountry "FRA"]
[SourceTitle "EXT 2019"]
[Source "ChessBase"]
[SourceDate "2018.10.10"]
[SourceVersion "1"]
[SourceVersionDate "2018.10.10"]
[SourceQuality "1"]

1. e4 c5 2. Nf3 Nc6 3. Nc3 d6 4. Bb5 Bd7 5. 0-0 g6 6. d3 Bg7 7. Bg5 a6 8. Bxc6 bxc6 9. Qd2 Rb8 10. Rab1 h6 11. Bf4 Bg4 12. e5 dxe5 13. Nxe5 Rc8 14. Nxg4 Qd4 15. Qe3 Nf6 16. Qxd4 cxd4 17. Nxf6+ Bxf6 18. Ne4 Bg7 19. Rfe1 0-0 20. Nc5 e6 21. Be5 Rfd8 22. Bxg7 Kxg7 23. Nxa6 Ra8 24. Nb4 c5 25. Nc6 Rd6 26. Ne5 Rxa2 27. Ra1 Rda6 28. Rxa2 Rxa2 29. Nc4 f6 30. g4 e5 31. Rb1 Kf7 32. f3 Ke6 33. Kf2 Kd5 34. Ke2 Ra6 35. b4 cxb4 36. Rxb4 Ra2 37. Rb2 Ra1 38. Rb5+ Ke6 39. Rb6+ Ke7 40. Rb7+ Ke6 41. Rh7 f5 42. Rxh6 Kf6 43. h4 Rc1 44. g5+ Kg7 45. Kd2 Rh1 46. Nxe5 Rh2+ 47. Kc1 Rh3 48. Rxg6+ Kf8 49. Rh6 Kg7 50. h5 Rg3 51. Rg6+ Kh7 52. h6 1-0

[Event "Montigny Autumn-B 16th"]
[Site "Montigny le Bretonneux"]
[Date "2017.10.28"]
[Round "8"]
[White "Couronne, Patrice"]
[Black "Gazay, Didier"]
[Result "1-0"]
[WhiteElo "1657"]
[BlackElo "1757"]
[PlyCount "64"]
[EventDate "2017.10.21"]
[EventType "tourn"]
[EventRounds "9"]
[EventCountry "FRA"]
[SourceTitle "EXT 2019"]
[Source "ChessBase"]
[SourceDate "2018.10.10"]
[SourceVersion "1"]
[SourceVersionDate "2018.10.10"]
[SourceQuality "1"]

1. d4 e6 2. c4 f5 3. Nc3 d5 4. Bf4 c6 5. e3 Nf6 6. Nf3 a5 7. a3 Bd6 8. Bxd6 Qxd6 9. c5 Qc7 10. Na4 Nbd7 11. Be2 0-0 12. 0-0 Rb8 13. Rc1 Re8 14. Bd3 g6 15. b4 axb4 16. axb4 e5 17. dxe5 Nxe5 18. Nxe5 Qxe5 19. Re1 Be6 20. Bc2 Qc7 21. Qd4 Kf7 22. h3 Rbd8 23. Nb6 Ne4 24. Ra1 Qe7 25. Ra7 Rb8 26. Rea1 Qh4 27. Bxe4 fxe4 28. Rd1 Qf6 29. Kf1 Qxd4 30. Rxd4 Re7 31. Ke2 Kf6 32. f3 exf3+ 1-0

[Event "Montigny le Bretonneux-B 15th"]
[Site "Montigny le Bretonneux"]
[Date "2016.10.23"]
[Round "2.5"]
[White "Couronne, Patrice"]
[Black "Verat Fayolle, Celian"]
[Result "0-1"]
[WhiteElo "1666"]
[BlackElo "1669"]
[PlyCount "66"]
[EventDate "2016.10.22"]
[EventType "tourn"]
[EventRounds "9"]
[EventCountry "FRA"]
[SourceTitle "EXT 2024"]
[Source "ChessBase"]
[SourceDate "2023.10.10"]
[SourceVersion "1"]
[SourceVersionDate "2023.10.10"]
[SourceQuality "1"]

1. d4 d5 2. c4 e6 3. Nc3 c5 4. cxd5 exd5 5. Nf3 Nc6 6. g3 Nf6 7. Bg2 Be7 8. 0-0 0-0 9. Bg5 cxd4 10. Nxd4 Be6 11. Rc1 h6 12. Be3 Ng4 13. Nxc6 bxc6 14. Bd2 Bg5 15. Bxg5 Qxg5 16. e4 d4 17. Qxd4 Rfd8 18. Qa4 Qh5 19. h4 Ne5 20. f3 Rd3 21. Ne2 Nxf3+ 22. Bxf3 Rxf3 23. Qc2 Qg4 24. Rxf3 Qxf3 25. Rf1 Qe3+ 26. Kg2 Rd8 27. Rf3 Bh3+ 28. Kxh3 Qxf3 29. b4 Rd3 30. e5 Re3 31. e6 fxe6 32. Qg6 Rxe2 33. Qe8+ Kh7 0-1

[Event "Montigny le Bretonneux op 13th"]
[Site "Montigny le Bretonneux"]
[Date "2014.10.26"]
[Round "9"]
[White "Couronne, Patrice"]
[Black "Artieres, Michel"]
[Result "1-0"]
[WhiteElo "1698"]
[BlackElo "1710"]
[PlyCount "153"]
[EventDate "2014.10.18"]
[EventType "swiss"]
[EventRounds "9"]
[EventCountry "FRA"]
[SourceTitle "EXT 2016"]
[Source "ChessBase"]
[SourceDate "2015.10.08"]
[SourceVersion "1"]
[SourceVersionDate "2015.10.08"]
[SourceQuality "1"]

1. d4 Nf6 2. c4 d6 3. Nc3 e5 4. Nf3 e4 5. Nd2 Bf5 6. g3 Qe7 7. Bg2 c6 8. d5 Nbd7 9. 0-0 Nb6 10. a4 a5 11. Qb3 Ra6 12. dxc6 bxc6 13. Rd1 g6 14. Nf1 Bg7 15. Bf4 Nc8 16. Ne3 0-0 17. Nxf5 gxf5 18. Rd2 Rb6 19. Qc2 Rb4 20. b3 Nd7 21. Rb1 Ne5 22. Bh3 Qf6 23. Na2 Rb7 24. Qc3 Ne7 25. Rbd1 Nf3+ 26. exf3 Qxc3 27. Nxc3 Bxc3 28. Rxd6 exf3 29. R6d3 Bb4 30. Rxf3 Kg7 31. Rfd3 Bc5 32. Be3 Bb4 33. Bg2 Rc7 34. Bf4 Rcc8 35. h4 h5 36. Bf3 Kg6 37. Bd6 Rfd8 38. Bxe7 Rxd3 39. Rxd3 Bxe7 40. Rd7 Bf6 41. Ra7 Bc3 42. Ra6 f4 43. Bxc6 f6 44. Be4+ Kf7 45. gxf4 Rg8+ 46. Kf1 Rg4 47. Bd5+ Ke7 48. c5 Rxf4 49. c6 Bd4 50. f3 Kd6 51. Rxa5 Bb6 52. Rb5 Bc7 53. a5 Rf5 54. a6 Rxd5 55. a7 Rxb5 56. a8Q Rc5 57. Qf8+ Kd5 58. Qf7+ Kxc6 59. Qxf6+ Bd6 60. Ke2 Re5+ 61. Kf2 Rb5 62. Qe6 Re5 63. Qc4+ Rc5 64. Qa4+ Rb5 65. Ke3 Kb6 66. f4 Rb4 67. Qe8 Rxb3+ 68. Ke2 Rb5 69. Qg6 Kc7 70. f5 Kd7 71. Qxh5 Be7 72. Qf7 Kd8 73. h5 Rb6 74. Kf3 Rf6 75. Qd5+ Bd6 76. Kg4 Kd7 77. Kg5 1-0

[Event "Montigny le Bretonneux op 13th"]
[Site "Montigny le Bretonneux"]
[Date "2014.10.21"]
[Round "4"]
[White "Amiard, Jean Claude"]
[Black "Couronne, Patrice"]
[Result "0-1"]
[WhiteElo "1704"]
[BlackElo "1698"]
[PlyCount "82"]
[EventDate "2014.10.18"]
[EventType "swiss"]
[EventRounds "9"]
[EventCountry "FRA"]
[SourceTitle "EXT 2016"]
[Source "ChessBase"]
[SourceDate "2015.10.08"]
[SourceVersion "1"]
[SourceVersionDate "2015.10.08"]
[SourceQuality "1"]

1. e4 d6 2. d4 Nf6 3. Nc3 g6 4. f3 Bg7 5. Be3 c6 6. Qd2 0-0 7. g4 b5 8. h4 h5 9. Bg5 Nbd7 10. Bd3 a5 11. Nh3 b4 12. Ne2 Ba6 13. Ng3 Bxd3 14. cxd3 Qb6 15. gxh5 Qxd4 16. hxg6 fxg6 17. Be3 Qe5 18. f4 Qb5 19. Ng5 Nc5 20. 0-0-0 Na4 21. Ne6 Rfc8 22. Nxg7 Kxg7 23. f5 c5 24. Bh6+ Kg8 25. Qg5 Qe8 26. fxg6 c4 27. d4 b3 28. Kb1 c3 29. Rdf1 bxa2+ 30. Kxa2 Nxb2 31. Rxf6 Qa4+ 32. Kb1 c2+ 33. Kxb2 Rab8+ 34. Kc1 Rb1+ 35. Kd2 Qxd4+ 36. Ke2 exf6 37. Qf5 Qc4+ 38. Kf3 Rc7 39. Qxf6 Qc3+ 40. Qxc3 Rxc3+ 41. Kg4 Rxg3+ 0-1

[Event "Montigny le Bretonneux Noel op 14th"]
[Site "Montigny le Bretonneux"]
[Date "2011.12.29"]
[Round "5.11"]
[White "Couradin, Bruno"]
[Black "Couronne, Patrice"]
[Result "1-0"]
[WhiteElo "1760"]
[BlackElo "1688"]
[PlyCount "124"]
[EventDate "2011.12.26"]
[EventType "swiss"]
[EventRounds "7"]
[EventCountry "FRA"]
[SourceTitle "EXT 2014"]
[Source "ChessBase"]
[SourceDate "2013.11.20"]
[SourceVersion "1"]
[SourceVersionDate "2013.11.20"]
[SourceQuality "1"]

1. d4 Nf6 2. c4 d6 3. Nc3 g6 4. e4 Bg7 5. h3 0-0 6. Nf3 e5 7. dxe5 dxe5 8. Qxd8 Rxd8 9. Nxe5 Nxe4 10. Nxe4 Bxe5 11. Be2 Nc6 12. 0-0 Nd4 13. Bd1 Be6 14. Bg5 Rdc8 15. Rc1 Kg7 16. f4 Bf5 17. fxe5 Bxe4 18. Bf6+ Kf8 19. Rf4 Bxg2 20. Kxg2 c5 21. Bg4 Rc7 22. e6 h5 23. e7+ Ke8 24. Bf3 Nf5 25. Rd1 Ne3+ 26. Kf2 Nxd1+ 27. Bxd1 Rxe7 28. Ba4+ Kf8 29. Bxe7+ Kxe7 30. Re4+ Kf8 31. Re5 b6 32. Rd5 Ke7 33. Ke3 f6 34. h4 a6 35. Ke4 Ke6 36. Bd7+ Ke7 37. Bc6 Ra7 38. Rd2 Rc7 39. Kd5 Rc8 40. Re2+ Kf7 41. Kd6 Rd8+ 42. Bd7 f5 43. Kc7 Ra8 44. Kxb6 Rd8 45. Kc7 Ra8 46. Kc6 Rd8 47. Kd6 a5 48. Re5 Rb8 49. Bb5 Rd8+ 50. Kxc5 Rd2 51. Kb6 Rxb2 52. a4 Rh2 53. c5 f4 54. c6 Kf6 55. Rc5 f3 56. c7 Rxh4 57. c8Q Rg4 58. Qc6+ Kg7 59. Qd7+ Kh6 60. Qd2+ Kg7 61. Rc7+ Kf6 62. Bc4 Rg2 1-0

[Event "Montigny le Bretonneux op 10th"]
[Site "Montigny le Bretonneux"]
[Date "2011.10.29"]
[Round "8"]
[White "Couradin, Jean Marie"]
[Black "Couronne, Patrice"]
[Result "0-1"]
[WhiteElo "1671"]
[BlackElo "1688"]
[PlyCount "136"]
[EventDate "2011.10.22"]
[EventType "swiss"]
[EventRounds "9"]
[EventCountry "FRA"]
[SourceTitle "EXT 2012"]
[Source "ChessBase"]
[SourceDate "2011.11.24"]
[SourceVersion "1"]
[SourceVersionDate "2011.11.24"]
[SourceQuality "1"]

1. e4 c5 2. Nf3 d6 3. d3 g6 4. g3 Bg7 5. Bg2 Nf6 6. 0-0 0-0 7. Re1 Bd7 8. e5 Ne8 9. exd6 Nxd6 10. Ne5 Be6 11. c3 Nd7 12. Bf4 Nf6 13. c4 Qc8 14. Nc3 Re8 15. Qb3 Nh5 16. Bd2 Rb8 17. a4 Nf6 18. a5 a6 19. Na4 Qc7 20. Nb6 Qd8 21. Qa4 Qc7 22. Bg5 Rbd8 23. Rab1 h6 24. Bxf6 exf6 25. Nf3 Nf5 26. Nd2 Re7 27. Nd5 Bxd5 28. Bxd5 Rde8 29. Qxe8+ Rxe8 30. Rxe8+ Kh7 31. b4 cxb4 32. Rxb4 Qxa5 33. Rxb7 Nd6 34. Nb3 Qa4 35. Ree7 Nxb7 36. Rxb7 h5 37. Bxf7 Qc6 38. Bd5 Qd6 39. Nd4 Kh6 40. Ne6 Bf8 41. Ra7 g5 42. Be4 Be7 43. Bf5 Qe5 44. g4 hxg4 45. Bxg4 f5 46. Bxf5 Qxf5 47. Rxe7 Qf6 48. Re8 a5 49. Nc5 Kg7 50. Ne4 Qd4 51. Re7+ Kf8 52. Rc7 Qxd3 53. Nxg5 Qd1+ 54. Kg2 Qg4+ 55. Kf1 Qxg5 56. c5 Ke8 57. c6 Qb5+ 58. Kg2 Qb6 59. Rc8+ Ke7 60. f3 Qa6 61. Rh8 Qxc6 62. h4 a4 63. Rh7+ Kf8 64. Ra7 Qb5 65. Kg3 Qb4 66. h5 a3 67. h6 Qd6+ 68. Kf2 Qd4+ 0-1

[Event "Montigny le Bretonneux op 10th"]
[Site "Montigny le Bretonneux"]
[Date "2011.10.26"]
[Round "5"]
[White "Couronne, Patrice"]
[Black "Fayolle, Guy"]
[Result "0-1"]
[WhiteElo "1688"]
[BlackElo "1803"]
[PlyCount "90"]
[EventDate "2011.10.22"]
[EventType "swiss"]
[EventRounds "9"]
[EventCountry "FRA"]
[SourceTitle "EXT 2012"]
[Source "ChessBase"]
[SourceDate "2011.11.24"]
[SourceVersion "1"]
[SourceVersionDate "2011.11.24"]
[SourceQuality "1"]

1. d4 Nf6 2. c4 g6 3. Nc3 Bg7 4. e4 d6 5. f3 0-0 6. Be3 e5 7. Bd3 exd4 8. Bxd4 Nc6 9. Be3 Ne5 10. Be2 Be6 11. b3 Nfd7 12. Qd2 Qf6 13. Rc1 Qd8 14. Bh6 Qh4+ 15. g3 Qxh6 16. Qxh6 Bxh6 17. f4 Nc6 18. Nf3 f5 19. 0-0 fxe4 20. Nxe4 Bg4 21. Kg2 Rae8 22. Nc3 Bg7 23. Kf2 Nd4 24. Ng1 Nxe2 25. Ngxe2 Nc5 26. Rc2 Bf5 27. Rd2 Rxe2+ 28. Nxe2 Ne4+ 29. Ke1 Nxd2 30. Kxd2 Re8 31. Rf2 Bg4 32. Kd3 Bxe2+ 33. Rxe2 Rxe2 34. Kxe2 Kf7 35. Ke3 h5 36. Ke4 Ke6 37. h3 c6 38. g4 d5+ 39. cxd5+ cxd5+ 40. Kd3 hxg4 41. hxg4 Bb2 42. Kc2 Ba1 43. Kd3 Kd6 44. b4 b5 45. Ke3 Bc3 0-1

[Event "Montigny le Bretonneux op 10th"]
[Site "Montigny le Bretonneux"]
[Date "2011.10.22"]
[Round "1"]
[White "Schweisguth, Etienne"]
[Black "Couronne, Patrice"]
[Result "1/2-1/2"]
[WhiteElo "1662"]
[BlackElo "1688"]
[PlyCount "88"]
[EventDate "2011.10.22"]
[EventType "swiss"]
[EventRounds "9"]
[EventCountry "FRA"]
[SourceTitle "EXT 2012"]
[Source "ChessBase"]
[SourceDate "2011.11.24"]
[SourceVersion "1"]
[SourceVersionDate "2011.11.24"]
[SourceQuality "1"]

1. d4 Nf6 2. c4 d6 3. Nc3 g6 4. e4 Bg7 5. f3 0-0 6. Be3 Nbd7 7. Qd2 e5 8. d5 b6 9. Bh6 Nc5 10. h4 Nh5 11. Bxg7 Kxg7 12. Nge2 f5 13. g3 fxe4 14. fxe4 Qf6 15. 0-0-0 Qf3 16. Rg1 Nxe4 17. Nxe4 Qxe4 18. Nc3 Qf3 19. Be2 Qf7 20. Rdf1 Qe7 21. Rxf8 Qxf8 22. Rf1 Qe7 23. Bxh5 gxh5 24. Ne4 Bg4 25. Rf6 Rf8 26. Qh6+ Kg8 27. Rxf8+ Qxf8 28. Nf6+ Kf7 29. Qxf8+ Kxf8 30. Nxh7+ Kg7 31. Ng5 Kf6 32. Kd2 Bd7 33. Ke3 Kf5 34. Kf3 a5 35. a3 a4 36. Ne4 b5 37. c5 dxc5 38. Nxc5 Be8 39. Ne4 Bd7 40. Nf2 c5 41. Ne4 c4 42. Nc5 Be8 43. d6 Bc6+ 44. Ke3 Kf6 1/2-1/2

[Event "Montigny le Bretonneux Noel op 13th"]
[Site "Montigny le Bretonneux"]
[Date "2010.12.27"]
[Round "2"]
[White "Ribiere, Damien"]
[Black "Couronne, Patrice"]
[Result "0-1"]
[WhiteElo "1570"]
[BlackElo "1720"]
[PlyCount "122"]
[EventDate "2010.12.26"]
[EventType "swiss"]
[EventRounds "7"]
[EventCountry "FRA"]
[SourceTitle "CBM 140 Extra"]
[Source "ChessBase"]
[SourceDate "2011.03.01"]
[SourceVersion "1"]
[SourceVersionDate "2011.03.01"]
[SourceQuality "1"]

1. d4 Nf6 2. c4 d6 3. Nc3 g6 4. e4 Bg7 5. f4 0-0 6. Nf3 Nbd7 7. Bd3 c5 8. d5 a6 9. h3 Nb6 10. 0-0 e6 11. a4 exd5 12. exd5 Bd7 13. Qb3 Qc7 14. a5 Nc8 15. Be3 Rb8 16. Na4 b6 17. axb6 Nxb6 18. Nxb6 Rxb6 19. Qc2 Rfb8 20. Rfb1 Nh5 21. Ra2 Qb7 22. Bc1 Ng3 23. Kh2 Nf5 24. Kh1 Nd4 25. Nxd4 Bxd4 26. Kh2 Rb3 27. Kh1 Rxd3 28. Qxd3 Bf5 29. Qa3 Bxb1 30. Ra1 Be4 31. Kh2 Qb3 32. Qxb3 Rxb3 33. Rxa6 Bxb2 34. Bxb2 Rxb2 35. Kg1 Rxg2+ 36. Kf1 Rc2 37. Rxd6 Rxc4 38. Rd8+ Kg7 39. d6 Bf5 40. d7 Kf6 41. Kg2 Rxf4 42. Rc8 Bxd7 43. Rxc5 Rd4 44. Kh2 Rd2+ 45. Kg3 Rd3+ 46. Kf4 Bxh3 47. Rc6+ Be6 48. Rc4 h5 49. Rc2 h4 50. Ke4 h3 51. Rh2 Rg3 52. Kf4 Rg2 53. Rh1 g5+ 54. Kf3 g4+ 55. Ke3 Bd5 56. Rf1+ Bf3 57. Ra1 Kg5 58. Ra5+ f5 59. Ra1 h2 60. Rh1 Kh4 61. Kf4 Ra2 0-1

[Event "Montigny le Bretonneux Noel op 12th"]
[Site "Montigny le Bretonneux"]
[Date "2009.12.30"]
[Round "6"]
[White "Couronne, Patrice"]
[Black "Mongey, Killian"]
[Result "1-0"]
[WhiteElo "1765"]
[BlackElo "1670"]
[PlyCount "100"]
[EventDate "2009.12.26"]
[EventType "swiss"]
[EventRounds "7"]
[EventCountry "FRA"]
[SourceTitle "EXT 2011"]
[Source "ChessBase"]
[SourceDate "2010.11.26"]
[SourceVersion "1"]
[SourceVersionDate "2010.11.26"]
[SourceQuality "1"]

1. d4 Nf6 2. Nc3 g6 3. e3 Bg7 4. Be2 d6 5. Nf3 0-0 6. Bd2 Bf5 7. Nh4 Bd7 8. f4 e6 9. g3 Bc6 10. Bf3 Nfd7 11. Qe2 Bxf3 12. Nxf3 c5 13. Ne4 cxd4 14. Nxd6 dxe3 15. Bxe3 b6 16. 0-0-0 Qc7 17. h4 Nf6 18. Nb5 Qb7 19. Rhg1 Nd5 20. Bd4 Qa6 21. Bxg7 Kxg7 22. Rxd5 exd5 23. Qe5+ Kg8 24. Qxd5 Rc8 25. Ng5 Rf8 26. Nc7 Qe2 27. Qe5 Qxe5 28. fxe5 Nd7 29. Nxa8 Rxa8 30. e6 fxe6 31. Nxe6 Re8 32. Nf4 Nc5 33. Nd5 Kg7 34. Nc3 Rd8 35. Re1 Kf7 36. b4 Ne6 37. Ne2 Rc8 38. c3 Rc4 39. Kc2 a5 40. a3 axb4 41. axb4 b5 42. Ra1 Nc7 43. Nd4 Ke7 44. Ra5 Kd6 45. Nxb5+ Nxb5 46. Rxb5 Kc6 47. Rg5 Re4 48. Kd3 Re6 49. c4 h6 50. Ra5 Rf6 1-0

[Event "Montigny le Bretonneux-B 8th"]
[Site "Montigny le Bretonneux"]
[Date "2009.10.28"]
[Round "5"]
[White "Duval, Dominique"]
[Black "Couronne, Patrice"]
[Result "1-0"]
[WhiteElo "1825"]
[BlackElo "1765"]
[PlyCount "105"]
[EventDate "2009.10.24"]
[EventType "tourn"]
[EventRounds "9"]
[EventCountry "FRA"]
[SourceTitle "EXT 2011"]
[Source "ChessBase"]
[SourceDate "2010.11.26"]
[SourceVersion "1"]
[SourceVersionDate "2010.11.26"]
[SourceQuality "1"]

1. d4 Nf6 2. Nf3 d6 3. Bf4 g6 4. Nc3 Bg7 5. Qd2 0-0 6. Bh6 c5 7. Bxg7 Kxg7 8. e3 a6 9. Bd3 b5 10. b3 Bb7 11. Be2 Nbd7 12. 0-0 Qc7 13. Rfd1 cxd4 14. Nxd4 Rac8 15. Nb1 e5 16. Nf3 Qxc2 17. Na3 Qxd2 18. Rxd2 d5 19. Ne1 Rc7 20. f3 Rfc8 21. Nac2 Rc3 22. Kf2 Nb6 23. Rad1 Nfd7 24. Nb4 Nf6 25. Nbd3 e4 26. Nb4 Rc1 27. Rxc1 Rxc1 28. Nbc2 exf3 29. gxf3 Nfd7 30. Nd3 Rb1 31. Na3 Ra1 32. Rb2 f5 33. Nc2 Rh1 34. Kg2 Rxh2+ 35. Kxh2 Nf6 36. Nc5 Bc8 37. Nd4 g5 38. Rc2 h5 39. Nce6+ Bxe6 40. Nxe6+ Kg6 41. Rc6 Nbd7 42. Rxa6 g4 43. fxg4 hxg4 44. Nf4+ Kg5 45. Bxb5 Ne5 46. Rxf6 Kxf6 47. Nxd5+ Kg5 48. Be2 Kh4 49. Nf4 Nc6 50. a4 Nb4 51. a5 Nc2 52. a6 Nxe3 53. Ng2+ 1-0

[Event "Montigny le Bretonneux-B 7th"]
[Site "Montigny le Bretonneux"]
[Date "2008.10.27"]
[Round "3"]
[White "Couronne, Patrice"]
[Black "Couradin, Jean Marie"]
[Result "1-0"]
[WhiteElo "1731"]
[BlackElo "1780"]
[PlyCount "131"]
[EventDate "2008.10.25"]
[EventType "tourn"]
[EventRounds "9"]
[EventCountry "FRA"]
[SourceTitle "EXT 2010"]
[Source "ChessBase"]
[SourceDate "2010.11.25"]
[SourceVersion "1"]
[SourceVersionDate "2010.11.25"]
[SourceQuality "1"]

1. b3 d5 2. e3 c5 3. Bb2 Nc6 4. Nf3 Nf6 5. Be2 e6 6. 0-0 Be7 7. d4 0-0 8. c4 a5 9. Na3 Bd7 10. Nb5 Na7 11. Ne5 Bxb5 12. cxb5 Nd7 13. Nf3 Bf6 14. a4 Rc8 15. Rc1 b6 16. Ba3 Rc7 17. Qd2 Nc8 18. Rc2 Nd6 19. Rfc1 Ne4 20. Qe1 Be7 21. Nd2 Nef6 22. Bf3 Qb8 23. e4 Rfc8 24. exd5 Nf8 25. dxe6 Nxe6 26. dxc5 Nxc5 27. Qe3 Bd6 28. g3 Re7 29. Qg5 Re5 30. Qh4 Rce8 31. Nc4 R5e6 32. Nxa5 bxa5 33. Bxc5 Be5 34. Bc6 Rd8 35. Be3 Rf8 36. b4 axb4 37. Qxb4 Bd6 38. Bc5 Bxc5 39. Rxc5 Rd8 40. b6 Red6 41. a5 Qc8 42. Bf3 Qh3 43. Bg2 Rd1+ 44. Qe1 Rxe1+ 45. Rxe1 Qd7 46. Rec1 g6 47. a6 Qa4 48. a7 Kg7 49. Rc8 Rxc8 50. Rxc8 Qa1+ 51. Bf1 Nd5 52. a8Q Qxa8 53. Rxa8 Nxb6 54. Ra6 Nd5 55. Bc4 Nf6 56. f3 Nd7 57. Kf2 Ne5 58. Bd5 h5 59. Ke3 Kh6 60. Ke4 Nd7 61. Ra7 f5+ 62. Kd4 Nf6 63. Ke5 Nh7 64. h4 Nf8 65. Bg8 g5 66. Ra6+ 1-0